| 000 | 01757nam2a22002531 4500 | ||
|---|---|---|---|
| 001 | RU\NLR\Per\765648 | ||
| 005 | 20260408030548.0 | ||
| 035 | _a(NLR Aleph) 003011287 | ||
| 090 |
_a4424054 _c4424054 |
||
| 100 | _a20110511d2011 |||y0rusy50 ca | ||
| 101 | 0 | _arus | |
| 102 | _aRU | ||
| 105 | _ay ||||000|y | ||
| 200 | 1 | _aПо материалам IV Всероссийской научно-практической заочной конференции с международным участием "Научные проблемы образования третьего тысячелетия" (20 февраля 2011 года, г. Самара) | |
| 210 |
_d2011 _aБ. м. |
||
| 461 | 0 |
_1001RU\NLR\INFOCOMM9\5000116750 _12001#$aНаучные проблемы образования третьего тысячелетия$eМежвуз. сб. тр. молодых ученых$fУн-т Рос. акад. образования, Самар. гос. пед. ун-т$vВып. 4 _94099126 _cМ. _d2002 - _fУн-т Рос. акад. образования, Самар. гос. пед. ун-т _nИзд-во УРАО _oМежвуз. сб. тр. молодых ученых _tНаучные проблемы образования третьего тысячелетия _vВып. 4 |
|
| 710 | 1 | 2 |
_a"Научные проблемы образования третьего тысячелетия", всероссийская научно-практическая заочная конференция с международным участием _d4 _f2011 _eСамара _3RU\NLR\AUTH\8810188332 _9869230 |
| 801 | 1 |
_aRU _bInfoComm _c20051007 |
|
| 801 | 0 |
_aRU _bNLR _gPSBO |
|
| 852 |
_aNLR _jП28/2045 |
||
| 942 | _cISSUE | ||
| 980 | _aNB | ||
| 980 | _aRUSPER | ||